| 000 | 04212cam a2200421 i 4500 | ||
|---|---|---|---|
| 003 | SA-RiAUC | ||
| 005 | 20250617060613.0 | ||
| 008 | 250615s2002 le g 000r0 ara c | ||
| 020 | _a9773000222 | ||
| 035 | _a10202410676 | ||
| 040 |
_aBAHA _bara _cSA-RiAUC _erda |
||
| 050 | 4 | _b.S23 2002 | |
| 082 | 0 | 4 |
_a227.6 _bا ع ت |
| 082 | 0 | 4 |
_a227.6 _qSA-RiAUC |
| 082 | 0 | 4 |
_a227.6 _bس ع ت |
| 090 |
_a227.6 _bس ع ت |
||
| 100 | 1 |
_aالسعدي، عبد الرحمن بن ناصر بن عبد الله، _d1307-1376 هجري _eمؤلف. |
|
| 245 | 1 | 0 |
_aتيسير الكريم الرحمن في تفسير كلام المنان / _cتأليف عبد الرحمن بن ناصر السعدي ؛ قدم له عبد الله بن عبد العزيز بن عقيل، محمد الصالح العثيمين ؛ اعتنى به تحقيقا ومقابلة عبد الرحمن بن معلا اللويحق. |
| 246 | 3 | 0 | _aتفسير كلام المنان |
| 250 | _aالطبعة الأولى. | ||
| 264 | 1 |
_aبيروت : _bمؤسسة الرسالة، _c2002 |
|
| 300 |
_a976 صفحة ؛ _c28 سم |
||
| 336 |
_aنص _btxt _2rdacontent _3كتاب |
||
| 337 |
_aبدون وسيط _bn _2rdamedia |
||
| 338 |
_aمجلد _bnc _2rdacarrier |
||
| 630 | 2 | 7 |
_aالقرآن _xتفاسير حديثة _2aucut |
| 700 | 1 |
_aالعقيل، عبد الله بن عبد العزيز بن عبد الله، _d1334-1432 هجري _eمقدم. |
|
| 700 | 1 |
_aالعثيمين، محمد بن صالح بن محمد، _d1347-1421 هجري _eمقدم. |
|
| 700 | 1 |
_aاللويحق، عبد الرحمن بن معلا، _d1384 هجري- _eمحقق. |
|
| 700 | 1 | 2 |
_iتحقيق لـ : _aالسعدي، عبد الرحمن بن ناصر بن عبد الله، _d1307-1376 هجري. _tتيسير الكريم الرحمن في تفسير كلام المنان |
| 730 | 2 | 2 | _aالقرآن |
| 856 |
_uhttp://saaid.net/book/open.php?cat=101&book=276 _yExternal Link _2 نرجو الانتباه لإمكانية وجود اختلاف في الطبعة أو الناشر بين البيانات على البوابة وما ستجده على الكتاب نظرا لمحدودية المعلومات المتاحة على الموقع الناشر للمادة. _3Please note that there may be a difference in the edition or publisher between the data on the portal and the book due to the limited information available on the publisher website for the material. |
||
| 856 |
_uhttp://www.saaid.net/book/8.zip _yDigital Copy _2 نرجو الانتباه لإمكانية وجود اختلاف في الطبعة أو الناشر بين البيانات على البوابة وما ستجده على الكتاب نظرا لمحدودية المعلومات المتاحة على الموقع الناشر للمادة. _3Please note that there may be a difference in the edition or publisher between the data on the portal and the book due to the limited information available on the publisher website for the material. |
||
| 856 |
_uhttp://saaid.net/book/open.php?cat=101&book=276 _yExternal Link _2 نرجو الانتباه لإمكانية وجود اختلاف في الطبعة أو الناشر بين البيانات على البوابة وما ستجده على الكتاب نظرا لمحدودية المعلومات المتاحة على الموقع الناشر للمادة. _3Please note that there may be a difference in the edition or publisher between the data on the portal and the book due to the limited information available on the publisher website for the material. |
||
| 856 |
_uhttp://www.saaid.net/book/8.zip _yDigital Copy _2 نرجو الانتباه لإمكانية وجود اختلاف في الطبعة أو الناشر بين البيانات على البوابة وما ستجده على الكتاب نظرا لمحدودية المعلومات المتاحة على الموقع الناشر للمادة. _3Please note that there may be a difference in the edition or publisher between the data on the portal and the book due to the limited information available on the publisher website for the material. |
||
| 942 |
_2ddc _cBOOK _n0 |
||
| 949 |
_aSA-JeALM _d250615 _uosman123 _n1 |
||
| 999 |
_c9055 _d9055 |
||